01489nam a2200349 a 4500001001200000003000800012006001900020007001500039008004100054010001700095020001500112040002100127035002000148050002500168082001600193245011700209260007100326300001400397504006400411533015200475600004200627650005900669650005300728650005200781650004800833651002500881655002900906700004300935700001800978710001700996856012601013ebr10069995CaPaEBRm u cr cn|||||||||011016s2002 nyu sb 001 0 eng  z 2001052630 z0521642469 aCaPaEBRcCaPaEBR a(OCoLC)5718230014aPA6411b.T725 2002eb04a874/.0122100aTraditions and contexts in the poetry of Horaceh[electronic resource] /cedited by Tony Woodman & Denis Feeney. aCambridge, U.K. ;aNew York :bCambridge University Press,cc2002. ax, 271 p. aIncludes bibliographical references (p. 252-267) and index. aElectronic reproduction.bPalo Alto, Calif. :cebrary,d2013.nAvailable via World Wide Web.nAccess may be limited to ebrary affiliated libraries.00aHoracexCriticism and interpretation. 0aInfluence (Literary, artistic, etc.)xHistoryyTo 500. 0aEpistolary poetry, LatinxHistory and criticism. 0aLaudatory poetry, LatinxHistory and criticism. 0aVerse satire, LatinxHistory and criticism. 0aRomexIn literature. 7aElectronic books.2local1 aWoodman, A. J.q(Anthony John),d1945-1 aFeeney, D. C.2 aebrary, Inc.40uhttp://site.ebrary.com/lib/rucke/Doc?id=10069995zAn electronic book accessible through the World Wide Web; click to view